000 01085nas a2200313 4500
001 BR8200690
003 BR-BrBNA
005 20231205085020.0
007 ta
008 230509b bl.|||p| |||| 00| 00por d
040 _aBR-BrBNA
_bpor
_cBiblioteca Nacional de Agricultura
041 _a(Pt)
072 _aH00; H60
100 1 _aBlanco, H.G.
100 1 _aNovo, M. do C.S.S.
100 1 _aCoelho, R.R.
100 1 _aOliveira, D.A.
245 1 _aComportamento do herbicida trifluralin em solos, 2: persistencia em solo barrento cultivado com soja nas condicoes de Pirassununga, estado de Sao Paulo [Glycine max; Brasil]
246 1 _aPersistence of trifluralin in a loam soil with soybean crop at Pirassununga, Sao Paulo state [Glycine max; Brazil]
650 _aDefesa vegetal
650 _aErva daninha
650 _aSoja
650 _aHerbicida
650 _aPirassununga
650 _aSao Paulo
773 0 _tBiologico (Brazil)
_xISSN 0366-0567
_g(Dec 1981), v. 47(12) p. 339-345
_wBR8200690
909 _a202311
_bLúcia
_c55
_dLúcia Elande
942 _2AGRIS
_n0
_cANA
999 _c108680
_d108680